Mô hình Markov ẩn: ước lượng, mô phỏng và ứng dụng : Luận văn tốt nghiệp cao học ngành: Lý thuyết xác suất và Thống kê toán học

Luận văn hệ thống hoá các vấn đề liên quan đến mô hình Markov ẩn, xem xét khả năng mô hình hoá quá trình giá cổ phiếu bằng mô hình Markov ẩn và đề xuất mô hình Markov ẩn trong phân tích biến động giá cổ phiếu. Luận văn sử dụng giải th...

Volledige beschrijving

Bewaard in:
Bibliografische gegevens
Hoofdauteur: Phan, Thị Anh Đào
Formaat: Boek
Taal:Undetermined
Gepubliceerd in: Cần Thơ Trường Đại học Cần Thơ 2020
Onderwerpen:
Tags: Voeg label toe
Geen labels, Wees de eerste die dit record labelt!
Thư viện lưu trữ: Trung tâm Học liệu Trường Đại học Cần Thơ
LEADER 01686nam a2200217Ia 4500
001 CTU_239400
008 210402s9999 xx 000 0 und d
082 |a 519.287 
082 |b Đ108 
088 |a 8460106 
100 |a Phan, Thị Anh Đào 
245 0 |a Mô hình Markov ẩn: ước lượng, mô phỏng và ứng dụng : 
245 0 |b Luận văn tốt nghiệp cao học ngành: Lý thuyết xác suất và Thống kê toán học 
245 0 |c Phan Thị Anh Đào ; Trần Văn Lý (cán bộ hướng dẫn) 
260 |a Cần Thơ 
260 |b Trường Đại học Cần Thơ 
260 |c 2020 
520 |a Luận văn hệ thống hoá các vấn đề liên quan đến mô hình Markov ẩn, xem xét khả năng mô hình hoá quá trình giá cổ phiếu bằng mô hình Markov ẩn và đề xuất mô hình Markov ẩn trong phân tích biến động giá cổ phiếu. Luận văn sử dụng giải thuật EM để ước lượng các tham số của mô hình, tạo dữ liệu mô phỏng từ mô hình với các tham số ước lượng được, đồng thời kiểm định phân phối giữa dữ liệu thực với dữ liệu mô phỏng, dùng dữ liệu mô phỏng để dự đoán chuỗi giá cổ phiếu 10 ngày tiếp theo với sự hỗ trợ của phần mềm Matlab. 
650 |a Quá trình Markov,Markov processes 
910 |c Qhieu 
980 |a Trung tâm Học liệu Trường Đại học Cần Thơ